Guess the Lyrics - 70's - Statistics

General Stats
  • This quiz has been taken 139 times
  • The average score is 101 of 203
Answer Stats
Answer % Correct
I
99%
the
94%
you
90%
love
86%
to
85%
To
85%
me
79%
And
78%
do
77%
your
71%
can
70%
my
68%
that
68%
it
67%
know
67%
no
67%
So
66%
for
65%
in
63%
on
62%
don't
58%
have
57%
would
57%
all
54%
But
54%
if
54%
If
54%
say
54%
too
54%
by
50%
I'm
50%
tell
49%
this
47%
it's
45%
just
45%
get
42%
with
42%
at
41%
thought
39%
said
37%
time
36%
now
35%
Now
35%
up
35%
mind
34%
much
34%
down
32%
side
32%
anything
31%
cry
31%
gone
31%
nothing
31%
Boys Don't Cry
30%
sorry
30%
late
29%
boys
28%
Boys
28%
'Cause
28%
change
28%
away
27%
stay
27%
try
27%
there's
26%
use
26%
about
25%
keep
25%
you've
25%
been
24%
back
23%
eyes
22%
more
21%
tears
19%
tried
18%
'most
17%
The Cure
17%
lies
16%
Cover
15%
far
15%
feet
15%
laugh
15%
Took
15%
already
13%
beg
13%
Hiding
13%
needed
13%
break
11%
forgiveness
11%
granted
11%
plead
9%
unkind
9%
laughing
7%
Pushed
6%
limits
5%
Misjudged
3%
No matching quizzes found
Score Distribution
Percent of People with Each Score
Percentile by Number Answered
Your Score History
You have not taken this quiz